Métodos de investigación para tesis y trabajos semestrales
Guardat en:
| Autor principal: | |
|---|---|
| Format: | Llibre |
| Idioma: | espanyol |
| Publicat: |
Ciudad de México
Trillas
1984
|
| Edició: | 2a. ed |
| Matèries: | |
| Etiquetes: |
Afegir etiqueta
Sense etiquetes, Sigues el primer a etiquetar aquest registre!
|
MARC
| LEADER | 00000nam a2200000 a 4500 | ||
|---|---|---|---|
| 001 | UCW8130 | ||
| 003 | CL-VaPUC | ||
| 008 | 880523e19840000MX |||||||||||||||||spa|d | ||
| 082 | 0 | 4 | |a 001.42 |b KRE |2 21 |
| 100 | 0 | |a Kreimerman, Norma |e author |9 313235 | |
| 245 | 1 | 0 | |a Métodos de investigación para tesis y trabajos semestrales |
| 250 | |a 2a. ed | ||
| 300 | |a 131 p | ||
| 942 | |c BK | ||
| 945 | |d 19880523 00:00:00 | ||
| 260 | |a Ciudad de México |b Trillas |c 1984 | ||
| 650 | 0 | |x Redacción |9 255241 | |
| 650 | 7 | |a TESIS Y DISERTACIONES ACADEMICAS |2 CL-VaPUC |9 255240 | |
| 583 | |a last modification |c 19880523 00:00:00 |k Rodrigo Vera | ||
| 999 | |c 220598 |d 220596 | ||
| 952 | |0 0 |1 0 |4 0 |6 001_420000000000000_KRE_1984 |7 0 |8 A |9 213047 |a FDOPOS |b FDOPOS |d 2019-11-15 |i 2813815 |o 001.42 KRE 1984 |p 2813815 |r 2025-01-22 |w 2019-11-15 |y BK |k MLA | ||
| 952 | |0 0 |1 0 |4 0 |6 001_420000000000000_KRE_1984 |7 0 |8 A |9 213048 |a BIBEDU |b BIBEDU |d 2019-11-15 |i 1601520 |o 001.42 KRE 1984 |p 1601520 |r 2019-11-15 |w 2019-11-15 |y BK |k EDU | ||